Normale Ansicht MARC-Ansicht ISBD

Diplomacy and ideology : (Titelsatznr. 38924)

[ MARC ]
MARC-Details
000 -Satzkennung
Kontrollfeld mit fester Länge 00631nam a22002171c 4500
001 - Kontrollnummer
Kontrollfeld 010365249
008 - Feld mit fester Länge zur physischen Beschreibung - Allgemeine Angaben
Kontrollfeld mit fester Länge 160926s1979 gw |||| 000u eng d
020 ## - Internationale Standardbuchnummer
Internationale Standardbuchnummer 0803998481
Verknüpfung 0-8039-9848-1
040 ## - Katalogisierungsquelle
Übertragungsstelle RU-10907106
003 - Kontrollnummer Identifier
Kontrollfeld RU-10907106
100 1# - Haupteintragung - Personenname
Personenname Uldricks, Teddy James
245 00 - Titel
Titel Diplomacy and ideology :
Zusatz zum Titel the origins of Soviet foreign relations 1917 - 1930 /
Verfasserangabe etc. Teddy J. Uldricks
264 ## - Produktion, Veröffentlichung, Distribution, Herstellung und Urheberrechtsvermerk
Herstellungs-, Veröffentlichungs- Vertriebs-, Erzeugungsort London [u.a.] :
Produzent, Herausgeber, Distributor, Hersteller Sage,
Datum der Herstellung, der Veröffentlichung, des Vertriebs oder des Urheberschutzvermerks 1979
300 ## - Physische Beschreibung
Umfang 239 S.
490 #0 - Gesamttitelangabe
Gesamttitelangabe Sage studies in 20th century history
Bandnummer/Folgebezeichnung 9
648 #0 - Nebeneintragung unter einem Schlagwort - Zeitschlagwort
Zeitschlagwort 1917-1930
650 #0 - Nebeneintragung unter einem Schlagwort - Sachschlagwort
Sachschlagwort oder geografischer Name als Eintragungselement Außenpolitik
650 #0 - Nebeneintragung unter einem Schlagwort - Sachschlagwort
Sachschlagwort oder geografischer Name als Eintragungselement Diplomatie
651 #0 - Nebeneintragung unter einem Schlagwort - Geografischer Name
Geografischer Name Sowjetunion
942 ## - Zusätzliche Felder (Koha)
Koha-Medientyp Monographien
Exemplare
Ausgeschieden Verloren Klassifikation oder Aufstellungssystematik Beschädigt Nicht entleihbar Heimatbibliothek Aufenthaltsbibliothek Aufstellungsort Erwerbungsdatum Inventarnummer Signatur Barcode Letzte Aktivität Preis gültig von Koha-Medientyp
    Andere/Generische Klassifikation     MWN Osteuropa MWN Osteuropa Magazin - 2 26/09/2016 16-03144 R 62 c Uld E00401507909A665 23/04/2020 22/03/2021 Monographien